| 000 | 02398nam a22004817a 4500 | ||
|---|---|---|---|
| 003 | CHAP | ||
| 005 | 20220329135322.0 | ||
| 008 | 971013s1967 r 00010 d | ||
| 010 | _a34340 | ||
| 011 | _a35312 | ||
| 035 | _a39428 | ||
| 040 | _cCHAP | ||
| 082 |
_a631.6 _bL88Y |
||
| 100 | 0 | 0 |
_aLuthin, James N. _969205 |
| 245 | _aDrenaje de tierras agrícolas | ||
| 260 |
_aMéxico : _bLimusa-Wiley, _c1967 |
||
| 300 |
_a684 p. _b: ilus. |
||
| 500 | _ac.2-16 reimpresión de 1975 | ||
| 590 |
_aBATCH-UPD _b10 _c20130110 _lUCH01 _h1423 |
||
| 590 |
_aCONVERSION _b10 _c20130109 _lUCH01 _h1319 |
||
| 650 | 1 | 4 |
_aDrenaje. _934190 |
| 901 | _aBK | ||
| 942 | _cLIBRO | ||
| 949 |
_a631.6 L88Y _bBC _cLIBRO _d33724000091104 _eLIBRO _fc.11 _h37639 _i39428 _si _t150.00 |
||
| 949 |
_a631.6 L88Y _bBC _cLIBRO _d33724000163242 _eLIBRO _h11205 _i39428 _si _t150.00 |
||
| 949 |
_a631.6 L88Y _bBC _cLIBRO _d33724000163259 _eLIBRO _fc.2 _h37630 _i39428 _si _t150.00 |
||
| 949 |
_a631.6 L88Y _bBC _cLIBRO _d33724000163267 _eLIBRO _fc.3 _h37631 _i39428 _si _t150.00 |
||
| 949 |
_a631.6 L88Y _bBC _cLIBRO _d33724000163275 _eLIBRO _fc.4 _h37632 _i39428 _si _t150.00 |
||
| 949 |
_a631.6 L88Y _bBC _cLIBRO _d33724000163283 _eLIBRO _fc.5 _h37633 _i39428 _si _t150.00 |
||
| 949 |
_a631.6 L88Y _bBC _cLIBRO _d33724000163291 _eLIBRO _fc.7 _h37635 _i39428 _si _t150.00 |
||
| 949 |
_a631.6 L88Y _bBC _cLIBRO _d33724000163309 _eLIBRO _fc.6 _h37634 _i39428 _si _t150.00 |
||
| 949 |
_a631.6 L88Y _bBC _cLIBRO _d33724000163317 _eLIBRO _fc.14 _h37646 _i39428 _si _t150.00 |
||
| 949 |
_a631.6 L88Y _bBC _cLIBRO _d33724000163325 _eLIBRO _fc.12 _h37654 _i39428 _si _t150.00 |
||
| 949 |
_a631.6 L88Y _bBC _cLIBRO _d33724000163333 _eLIBRO _fc.13 _h37640 _i39428 _si _t150.00 |
||
| 949 |
_a631.6 L88Y _bBC _cLIBRO _d33724000163366 _eLIBRO _fc.18 _h40122 _i39428 _mD _si _t150.00 |
||
| 949 |
_a631.6 L88Y _bBC _cLIBRO _d33724000163374 _eLIBRO _fc.17 _h39518 _i39428 _mD _si _t150.00 |
||
| 949 |
_a631.6 L88Y _bBC _cLIBRO _d33724000163382 _eLIBRO _fc.10 _h37638 _i39428 _si _t150.00 |
||
| 949 |
_a631.6 L88Y _bBC _cLIBRO _d33724000163390 _eLIBRO _fc.9 _h37637 _i39428 _si _t150.00 |
||
| 949 |
_a631.6 L88Y _bBC _cLIBRO _d33724000163408 _eLIBRO _fc.8 _h37636 _i39428 _si _t150.00 |
||
| 949 |
_a631.6 L88Y _bBC _cLIBRO _d33724000163416 _eLIBRO _fc.16 _h37648 _i39428 _si _t150.00 |
||
| 949 |
_a631.6 L88Y _bBC _cLIBRO _d33724000163424 _eLIBRO _fc.15 _h37647 _i39428 _si _t150.00 |
||
| 949 |
_a631.6 L88y _bBC _cLIBRO _d33724002124157 _eLIBRO _fc.19 _gI.c/e _h111054 _i39428 _sb |
||
| 999 |
_c34340 _d34340 |
||